000 00712cam2a220024100 4500
001 zam00003091
008 951128s1973 xx eng u
035 _a(Sirsi) r20426
035 _a(MACHINE)MSLC.
100 _aGriffin, G. J.
_6A81789.1
245 1 0 _aHistory and trends of professional nursing.
260 _c1973.
949 _aRT31
_wLC
_i-19097
_mMEDICAL
_tBOOK
_lON-SHELF
949 _aRT31
_wLC
_i-19098
_mMEDICAL
_tBOOK
_lON-SHELF
004 20426
591 _aClass code: CHN 420.
591 _aCourse: Community health nursing.
591 _aSchool: S07.
591 _aLecturer: Dr. CHIME, J.
591 _aNumber of Students: 18.
900 _2MED
_8RT31
_9GRI
_c2
909 _aBook
999 _c40353
_d40353